| 000 | 00440nam a2200169Ia 4500 | ||
|---|---|---|---|
| 001 | 69771 | ||
| 008 | 151205s9999||||xx |||||||||||||| ||und|| | ||
| 020 | _aNA | ||
| 040 | _cPK-LaUMT | ||
| 082 |
_a891.4393 _bTIL- |
||
| 100 | _aBehjat Shabir | ||
| 245 |
_aTilsimi parindah (cheni lock kahaniyan) (Urdu) _cBehjat Shabir |
||
| 260 |
_aIslamabad,Pakistan: _bAcademy Adabiyat Pakistan, _c1988 |
||
| 300 | _a121 p. | ||
| 546 | _aUR | ||
| 942 | _cBK | ||
| 999 |
_c80250 _d80250 |
||